| 000 -CABECERA |
| Longitud fija campo de control |
00630nam a2200181 a 4500 |
| 001 - NÚMERO DE CONTROL |
| Número de control |
414 |
| 003 - IDENTIFICADOR DEL NÚMERO DE CONTROL |
| Identificador del número de control |
CDMR |
| 005 - FECHA Y HORA DE LA ÚLTIMA TRANSACCIÓN |
| Fecha y hora de la última transacción |
20130116135154.0 |
| 008 - CÓDIGOS DE INFORMACIÓN DE LONGITUD FIJA |
| Códigos de información de longitud fija |
130130s1989||||||||||||||||||||||||||||d |
| 040 ## - FUENTE DE LA CATALOGACIÓN |
| Centro catalogador de origen |
CDMR |
| Lengua de catalogación |
cat |
| Centro transcriptor |
CDMR |
| 100 1# - PUNTO DE ACCESO PRINCIPAL-NOMBRE DE PERSONA |
| Nombre de persona |
García Ferrer, Juan Manuel |
| 9 (RLIN) |
293 |
| 245 10 - MENCIÓN DE TÍTULO |
| Título |
Català-Roca |
| Resto del título |
llibre editat per a la sessió que tingué lloc al Cine-club, el dia 14 de desembre de 1989 |
| Mención de responsabilidad, etc. |
J M García Ferrer i Martí Rom |
| 260 ## - PUBLICACIÓN, DISTRIBUCIÓN, ETC. (PIE DE IMPRENTA) |
| Lugar de publicación, distribución, etc. |
Barcelona |
| Fecha de publicación, distribución, etc. |
1989 |
| Nombre del editor, distribuidor, etc. |
Col.legi Enginyers Industrials |
| 300 ## - DESCRIPCIÓN FÍSICA |
| Extensión |
112 p ; |
| Dimensiones |
21 cm |
| 500 ## - NOTA GENERAL |
| Nota general |
Textos sobre Pere Català Pic i fotografies fetes per ell |
| 600 14 - PUNTO DE ACCESO ADICIONAL DE MATERIA - NOMBRE DE PERSONA |
| Nombre de persona |
Català Pic, Pere |
| 9 (RLIN) |
294 |
| 942 ## - ENTRADA DE ELEMENTOS AGREGADOS (KOHA) |
| Koha [por defecto] tipo de item |
Monografies |